| 000 | 00791nam a22002657a 4500 | ||
|---|---|---|---|
| 001 | BR7905469 | ||
| 003 | BR-BrBNA | ||
| 005 | 20230928090050.0 | ||
| 007 | ta | ||
| 008 | 230509b bl.||||| |||| 00| 0 por d | ||
| 040 |
_aBR-BrBNA _bpor _cBiblioteca Nacional de Agricultura |
||
| 041 | _a(Por) | ||
| 072 | _aE70 | ||
| 090 | _ E70 BR7905469 | ||
| 100 | 1 | _aCarvalho, S.A.T. de | |
| 110 | 1 |
_aFundacao do Desenvolvimento Administrativo, Sao Paulo, SP (Brasil) _94877 |
|
| 245 | 1 | _aCurso de Treinamento em investimentos no mercado de futuros de produtos agricolas. Comercializacao e futuros | |
| 260 | 3 |
_aSao Paulo, SP (Brasil): _c1979. |
|
| 300 | _a7 p. | ||
| 650 | _aComercializacao | ||
| 650 | _aPreco | ||
| 650 | _aMercado | ||
| 909 |
_a202309 _bLucia _c55 _dLucia Elande |
||
| 942 | _cBK | ||
| 999 |
_c27669 _d27669 |
||